000 00995cam a2200313 a 4500
999 _c63160
_d63160
003 BJBSDDR
005 20230410123525.0
007 ta
008 090404m2007 dr 001 0 spa
020 _a9789945140248
035 _a(PR-SjLB)dh0904935209
040 _aDLC
_cDLC
_bspa
041 _aspa
043 _anwdr---
050 1 4 _aKGQ 405.5
_bP592l 2007
100 1 _aPichardo, Rafael Luciano.
245 1 3 _aUn lustro de jurisprudencia civil /
_cRafael Luciano Pichardo ; prólogo de Margarita A. Tavares.
250 _a1a ed.
260 _aSanto Domingo, D. N. :
_bEditora Corripio,
_c2007.
300 _a2 v. ;
_c23 cm.
500 _aVol. I, 2. ed. ; v. II, 1. ed.
504 _aIncluye referencias bibliográficas e índice.
505 0 _av. 1. 1997-2002 -- v. 2. 2002-2007.
650 0 _aCivil law
_zDominican Republic
_vDigests.
650 1 _aDerecho civil
_92935
_zRepública Dominicana
700 1 _919164
_a Tavares, Margarita A.
942 _2lcc
_cBK
946 _almd